Statistics for Country Flags with the Most Green - Hard Version

Click here to take the quiz!

General Stats

  • This quiz has been taken 103 times
  • The average score is 7 of 15

Answer Stats

Percentage of greenAnswer% Correct
91.6 %Saudi Arabia
77%
68.9 %Pakistan
74%
68.8 %Brazil
72%
79.0 %Bangladesh
64%
46.0 %Algeria
62%
83.5 %Turkmenistan
61%
66.7 %Nigeria
58%
74.6 %Zambia
46%
54.8 %Mauritania
45%
49.8 %Guyana
36%
65.9 %Dominica
30%
49.0 %Burkina Faso
26%
44.9 %Togo
25%
45.0 %Solomon Islands
20%
52.8 %São Tomé and Príncipe
16%

Score Distribution

Percentile by Number Answered

Percent of People with Each Score

Your Score History

You have not taken this quiz